|
|
|
|
| LEADER |
00000nab a2200000 a 4500 |
| 001 |
vtls009341372 |
| 003 |
SK-MaSNL |
| 005 |
20260426062914.0 |
| 008 |
081002 2008 xo r r 000 0 slo |
| 015 |
|
|
|a SNBRB2008/10
|2 kevkjb
|
| 038 |
|
|
|a KEVKJB
|
| 040 |
|
|
|a KEVKJB
|b slo
|c KEVKJB
|e AACR2
|
| 041 |
0 |
|
|a slo
|
| 044 |
|
|
|a xo
|c SK
|
| 080 |
|
|
|a 133.5:5
|2 2001
|
| 080 |
|
|
|a 929 Manica, Igor
|2 2001
|
| 100 |
1 |
|
|a Mikulcová, Monika
|4 aut
|9 857116
|
| 245 |
1 |
0 |
|a Alchymista
|b Igor Manica už objavil prípravok proti vypadávaniu vlasov či elixír života
|c Monika Mikulcová
|
| 300 |
|
|
|b Obr.
|
| 600 |
1 |
7 |
|a Manica, Igor
|2 kevkjb
|9 1283692
|
| 650 |
0 |
7 |
|a alchýmia
|2 kevkjb
|9 22149
|
| 650 |
0 |
7 |
|a alchymisti
|2 kevkjb
|9 56890
|
| 651 |
|
7 |
|a Bratislava (Slovensko)
|2 kevkjb
|9 14568
|
| 773 |
0 |
|
|t Plus 7 dní
|g Roč. XVIII, č. 40 (2008), s. 82-84
|x 1210-2040
|
| 852 |
|
|
|a KEVKJB
|b KIS3GCP
|
| 958 |
|
|
|a BX
|
| 999 |
|
|
|c 2550672
|d 2552602
|